书目信息 |
| 题名: |
石油炼制工艺学
|
|
| 作者: | 沈本贤 主编 | |
| 分册: | ||
| 出版信息: | 北京 中国石化出版社 2009 |
|
| 页数: | 462页 | |
| 开本: | cm | |
| 丛书名: | ||
| 单 册: | ||
| 中图分类: | TE62 , TE62 | |
| 科图分类: | ||
| 主题词: | 石油炼制 | |
| 电子资源: | ||
| ISBN: | 978-7-80229-815-6 | |
| 000 | 00920nam0 2200241 450 | |
| 001 | 012015000271 | |
| 005 | 20150914103426.88 | |
| 010 | @a978-7-80229-815-6@dCNY48.00 | |
| 100 | @a20090601d2009 ekmy0chiy50 ea | |
| 101 | 1 | @achi |
| 102 | @aCN@b110000 | |
| 105 | @ay z 000yy | |
| 106 | @ar | |
| 200 | 1 | @a石油炼制工艺学@f沈本贤主编 |
| 210 | @a北京@c中国石化出版社@d2009 | |
| 215 | @a462页@c图@dcm | |
| 300 | @a《石油炼制工艺学》从石油资源的高效利用和清洁转化出发,根据石油的化学组成、性质和石油产品的要求,阐述了石油炼制的主要方法、基本原理、工艺过程、影响因素、基本计算、发展趋势及典型设备等。《石油炼制工艺学》共分十二章,力求反映石油炼制工业关键技术的新发展。《石油炼制工艺学》可作为高等院校相关专业的教材和炼油工程技术人员的参考书。 | |
| 606 | @a石油炼制 | |
| 690 | @aTE62 | |
| 690 | @aTE62@v5 | |
| 701 | 1 | @a沈本贤@AShen Ben Xian@4主编 |
| 801 | 0 | @aCN@b碧洲教育@c20150716 |
| 905 | @a10447@f3@dTE62@e32 | |
| 石油炼制工艺学/沈本贤主编.-北京:中国石化出版社,2009 |
| 462页:图;cm |
| 《石油炼制工艺学》从石油资源的高效利用和清洁转化出发,根据石油的化学组成、性质和石油产品的要求,阐述了石油炼制的主要方法、基本原理、工艺过程、影响因素、基本计算、发展趋势及典型设备等。《石油炼制工艺学》共分十二章,力求反映石油炼制工业关键技术的新发展。《石油炼制工艺学》可作为高等院校相关专业的教材和炼油工程技术人员的参考书。 |
| ISBN 978-7-80229-815-6:CNY48.00 |
| ● |
| 相关链接 |
|
|
|
|
正题名:石油炼制工艺学
索取号:TE62/32
 
预约/预借
| 序号 | 登录号 | 条形码 | 馆藏地/架位号 | 状态 | 备注 |
| 1 | 0849999 | 208499999 | 第二样本阅览室/ [索取号:TE62/32] | 在馆 | |
| 2 | 0870000 | 208700002 | 第三借阅区/ [索取号:TE62/32] | 在馆 | |
| 3 | 0870001 | 208700011 | 第三借阅区/ [索取号:TE62/32] | 在馆 |